Edgar Winter Discography - Statistics

General Stats
  • This quiz has been taken 3 times
  • The average score is 2 of 22
Answer Stats
Type Year Name % Correct
Album 1972 They Only Come Out at Night
100%
Album 1971 Edgar Winter's White Trash
50%
Collaborative Live Album 2010 An Odd Couple - with Steve Lukather
0%
Collaborative Live Album 2007 Edgar, Johnny Winter & Rick Derringer
0%
Compilation 2002 Edgar Winter - The Best Of
0%
Album 1970 Entrance
0%
Box Set 2018 I've Got News for You, 1971-1977
0%
Album 1975 Jasmine Nightdreams
0%
Album 2004 Jazzin' the Blues
0%
Live Album 1990 Live in Japan
0%
Album 1986 Mission Earth
0%
Album 1994 Not a Kid Anymore
0%
Album 2008 Rebel Road
0%
Album 1977 Recycled
0%
Live Album 1972 Roadwork
0%
Album 1974 Shock Treatment
0%
Album 1981 Standing on Rock
0%
Album 1979 The Edgar Winter Album
0%
Collaborative Album 1975 The Edgar Winter Group with Rick Derringer
0%
Album 1996 The Real Deal
0%
Live Album 1976 Together: Edgar Winter and Johnny Winter Live
0%
Album 1999 Winter Blues
0%
No matching quizzes found
Score Distribution
Percent of People with Each Score
Percentile by Number Answered
Your Score History
You have not taken this quiz